| 000 | 01764cam a22003255i 4500 | ||
|---|---|---|---|
| 999 |
_c27738 _d27709 |
||
| 001 | 4377662 | ||
| 003 | EG-ScBUE | ||
| 005 | 20191106113046.0 | ||
| 008 | 910212r20091990enka f b 001 0 eng d | ||
| 020 | _a9780198275893 | ||
| 040 |
_aDLC _beng _erda _cDLC _dDLC _dEG-ScBUE |
||
| 082 | 0 | 4 |
_a327.101 _bHOL _222 |
| 100 | 1 |
_aHollis, Martin, _eauthor. |
|
| 245 | 1 | 0 |
_aExplaining and understanding international relations / _cMartin Hollis and Steve Smith. |
| 250 | _aReprinted edition. | ||
| 264 | 1 |
_aOxford : _bClarendon Press ; _aNew York : _bOxford University Press, _c2009. |
|
| 300 |
_avi, 226 pages ; _c22 cm |
||
| 336 |
_atext _btxt _2rdacontent |
||
| 337 |
_aunmediated _bn _2rdamedia |
||
| 338 |
_avolume _bnc _2rdacarrier |
||
| 500 | _aReprinted for 1990 edition. | ||
| 504 | _aIncludes bibliographical references and index. | ||
| 520 | _aA collaboration between a philosopher and an international relations scholar, this work examines the philosophical issues that underlie the theory of international relations. Part I focuses on the dominant theories of Idealism, Realism, and behavioralism, and Part II examines the international system, the state, bureaucracies, and the individual--four factors commonly assumed to account for international behavior. The authors conclude with a summary of the links between the two forms of analysis and an open-ended assessment of their relative merits which will stimulate further discussion.--Publisher description. | ||
| 650 | 7 |
_aInternational relations _xPhilosophy. _2BUEsh |
|
| 653 |
_bMASPPSS _bBUSBOL _cNovember2019 |
||
| 655 | _vReading book | ||
| 700 | 1 |
_aSmith, Steve, _d1952- _eauthor. |
|
| 856 | 4 | 2 |
_3Publisher description _uhttp://www.loc.gov/catdir/enhancements/fy0604/91010523-d.html |
| 942 |
_2ddc _cBB |
||